ՀՀ Գիտությունների ազգային ակադեմիայի հիմնարար գիտական գրադարան  =   Fundamental Scientific Library of NAS RA

Командирская мудрость : (Record no. 519880)

MARC details
000 -LEADER
fixed length control field 00834nam a2200205 a 4500
001 - CONTROL NUMBER
control field 000215678
003 - CONTROL NUMBER IDENTIFIER
control field AM-YEHGA
005 - DATE AND TIME OF LATEST TRANSACTION
control field 20250617164223.0
008 - FIXED-LENGTH DATA ELEMENTS--GENERAL INFORMATION
fixed length control field 030331s1962 ai r 000 0 rus d
040 ## - CATALOGING SOURCE
Original cataloging agency AM-YeHGA
090 ## - LOCALLY ASSIGNED LC-TYPE CALL NUMBER (OCLC); LOCAL CALL NUMBER (RLIN)
-- 523443
245 00 - TITLE STATEMENT
Title Командирская мудрость :
Remainder of title (Заметки военного публициста) /
Statement of responsibility, etc. Ред. В.Г. Кононенко ; Худ. В.Г. Лукьянец.
260 ## - PUBLICATION, DISTRIBUTION, ETC.
Place of publication, distribution, etc. Москва :
Name of publisher, distributor, etc. Изд-во газ. ''Красная звезда'',
Date of publication, distribution, etc. 1962.
300 ## - PHYSICAL DESCRIPTION
Extent 32 с.
490 1# - SERIES STATEMENT
Series statement Библиотечка "Красной звезды"
Volume/sequential designation N16 (100)
650 14 - SUBJECT ADDED ENTRY--TOPICAL TERM
Topical term or geographic name entry element Военное дело
700 1# - ADDED ENTRY--PERSONAL NAME
Personal name Кононенко, В.Г.
Relator term ред.
Relationship edt
700 1# - ADDED ENTRY--PERSONAL NAME
Personal name Лукьянец, В.Г.
Relator term худ.
Relationship art
830 #0 - SERIES ADDED ENTRY--UNIFORM TITLE
Uniform title Библиотечка "Красной звезды"
Holdings
Withdrawn status Lost status Source of classification or shelving scheme Damaged status Not for loan Collection Home library Current library Date acquired Total checkouts Full call number Barcode Date last seen Price effective from Koha item type Public note
    Universal Decimal Classification     General Fundamental Scientific Library Fundamental Scientific Library 26/11/2021   PII/67583 FL0665907 26/11/2021 26/11/2021 Գրքեր / Books 30 Days Loan


ՀՀ ԳԱԱ հիմնարար գիտական գրադարան
ՀՀ,Երևան 0019
Մարշալ Բաղրամյան 24/6
հեռախոս:(374-10) 52-47-50
Հետադարձ կապ

All site content, except where otherwise noted, is licensed under a
Creative Commons License